| 000 | 00497nam a22001937a 4500 | ||
|---|---|---|---|
| 003 | LK-CoMWRAF | ||
| 005 | 20230909080854.0 | ||
| 008 | 230909b1996 |||||||| |||| 00| 0 eng d | ||
| 020 | _a0835913848 | ||
| 040 |
_aLK-CoMWRAF _dLK-CoMWRAF _eLK-CoMWRAF |
||
| 041 | _aeng | ||
| 082 |
_a810.9 _bFEA |
||
| 100 | _aFearon | ||
| 245 |
_aFearon's American Literature : _bWorkbook |
||
| 250 | _a2nd Edition | ||
| 260 |
_aNew Jersey : _bGlobe fearon, _c1996 |
||
| 650 | _aAmerican Literature | ||
| 942 | _cBK | ||
| 999 |
_c3511 _d3511 |
||